000 00647nam a22002057a 4500
005 20170619103515.0
010 _a1718CH-EN
020 _a9789386106261
_c550.00
037 _adpl
_bBook Well
082 _aS
100 1 _aStilton, Thea
245 1 4 _aThe treasure of the sea /
_cThea Stilton ; illustrations by Chiara Balleello and Barbara Pellizzari.].
260 _aNew York :
_bScholastic
_c2016
270 _a557 Broadway
_bNew York
_eNY 10012
300 _a308p.:
_bcol. ill.,
_c20cm(Hb)
700 1 _aBalleello,Chiara
_eill.
700 1 _a Pellizzari,Barbara
_eill.
942 _2ddc
_cCH
_hS
_mSTI
999 _c141278
_d141278